00789nam a22002537a 45000010005000000030006000050050017000110080041000280200018000690400029000870500016001160820010001321000022001422450043001642600044002073000049002514900031003005050008003315200080003395210020004195210020004396500044004597000032005037581FISKH20250724144751.0250724b cb ||||| |||| 00| 0 eng d a9780516268644 aFISKHbengcFISKHdFISKH aQC73.4 .M87 a531.6 aMurphy, Patricia  aPush and pull /cBy Patricia J. Murphy aNew York : bChildren's Press , c2002. a31 pages : bcolor illustrations; c18 cm .  aRookie Read-About Science  aN  aSimple text and photographs describe and illustrate push and pull movement.8 a570 bLexile 8 aN bRaz-Plus  aForest and energyvJuvenile Literature  aWalsh, Martha eConsultants